Most Common First Names in the United States - D - Statistics

General Stats
  • This quiz has been taken 602 times
  • The average score is 10 of 20
Answer Stats
Hint Answer % Correct
12 Daniel
92%
6 David
91%
135 Don
84%
15 Donald
72%
96 Diana
61%
50 Diane
61%
17 Donna
57%
101 Danny
55%
25 Deborah
54%
40 Dennis
52%
10 Dorothy
51%
55 Doris
45%
141 Debbie
41%
74 Denise
40%
163 Derek
40%
39 Debra
35%
45 Douglas
29%
105 Dawn
24%
109 Dale
21%
165 Darrell
11%
No matching quizzes found
Score Distribution
Percent of People with Each Score
Percentile by Number Answered
Your Score History
You have not taken this quiz